[Event "St Petersburg-ch Seniors"]
[Site "St Petersburg"]
[Date "2007.03.30"]
[Round "6"]
[White "Rutman, Aleksandr"]
[Black "Sokolov, Anatoly V"]
[Result "1-0"]
[WhiteElo "2274"]
[BlackElo "2124"]
[PlyCount "69"]
[EventDate "2007.03.19"]
[EventType "swiss"]
[EventRounds "9"]
[EventCountry "RUS"]
[SourceTitle "EXT 2010"]
[Source "ChessBase"]
[SourceDate "2010.11.25"]
[SourceVersion "1"]
[SourceVersionDate "2010.11.25"]
[SourceQuality "1"]

1. e4 c6 2. d4 d5 3. Nc3 dxe4 4. Nxe4 Nf6 5. Nxf6+ exf6 6. c3 Bd6 7. Bd3 0-0 8. Qc2 h6 9. Ne2 Re8 10. Be3 Be6 11. 0-0 Qc7 12. h3 Nd7 13. c4 b6 14. Rad1 Nf8 15. Qd2 Ng6 16. d5 cxd5 17. cxd5 Bd7 18. Rc1 Qb7 19. Rfd1 Rac8 20. Nf4 Rxc1 21. Qxc1 Ne5 22. Be2 Rc8 23. Qd2 Nc4 24. Bxc4 Rxc4 25. Nh5 Bf5 26. Bxh6 Rc2 27. Qe3 Bf8 28. Bf4 Qd7 29. Rd2 Rc1+ 30. Kh2 Bd6 31. Nxf6+ gxf6 32. Qg3+ Bg6 33. Bxd6 Qf5 34. Qf4 Qg5 35. Qxg5 1-0

[Event "St Petersburg-ch Seniors"]
[Site "St Petersburg"]
[Date "2007.03.26"]
[Round "4"]
[White "Nikitinyh, Boris Aleksandrovic"]
[Black "Sokolov, Anatoly V"]
[Result "1-0"]
[WhiteElo "2266"]
[BlackElo "2124"]
[PlyCount "103"]
[EventDate "2007.03.19"]
[EventType "swiss"]
[EventRounds "9"]
[EventCountry "RUS"]
[SourceTitle "EXT 2010"]
[Source "ChessBase"]
[SourceDate "2010.11.25"]
[SourceVersion "1"]
[SourceVersionDate "2010.11.25"]
[SourceQuality "1"]

1. e4 c6 2. d4 d5 3. Nc3 dxe4 4. Nxe4 Nf6 5. Nxf6+ exf6 6. Nf3 Bd6 7. Bd3 Be6 8. 0-0 Qc7 9. Re1 g5 10. Bf5 Kd7 11. Bxe6+ fxe6 12. Ne5+ Kc8 13. Ng4 Qf7 14. Qf3 Rf8 15. Ne3 Nd7 16. Nc4 Bc7 17. Bd2 Nb6 18. Na5 h5 19. Qb3 e5 20. Qf3 exd4 21. Qf5+ Qd7 22. Re6 Nd5 23. Rae1 Bxa5 24. Bxa5 b6 25. Rxc6+ Kd8 26. Qxd7+ Kxd7 27. Ree6 Rfd8 28. Bd2 Rac8 29. Red6+ Ke7 30. Rxd8 Rxd8 31. Kf1 Rd6 32. Rc4 d3 33. cxd3 b5 34. Rc5 a6 35. Ke2 Ke6 36. g3 b4 37. d4 Rb6 38. Kd3 Ne7 39. Kc4 Nf5 40. f4 Nd6+ 41. Kd3 gxf4 42. Bxf4 Nf5 43. Ke4 Ng7 44. d5+ Kf7 45. Rc7+ Kg6 46. Rc6 Rxc6 47. dxc6 Nf5 48. Kd5 h4 49. gxh4 Ne7+ 50. Kd6 Nc8+ 51. Kd7 Nb6+ 52. Kd8 1-0

[Event "St Petersburg-ch qf Seniors 80th"]
[Site "St Petersburg"]
[Date "2006.12.12"]
[Round "9"]
[White "Kurhinen, Boris"]
[Black "Sokolov, Anatoly V"]
[Result "1/2-1/2"]
[WhiteElo "2140"]
[BlackElo "2124"]
[PlyCount "74"]
[EventDate "2006.11.23"]
[EventType "swiss"]
[EventRounds "10"]
[EventCountry "RUS"]
[SourceTitle "EXT 2019"]
[Source "ChessBase"]
[SourceDate "2018.10.10"]
[SourceVersion "1"]
[SourceVersionDate "2018.10.10"]
[SourceQuality "1"]

1. e4 c6 2. d4 d5 3. exd5 cxd5 4. c4 Nf6 5. Nc3 Nc6 6. Nf3 e6 7. Bg5 Bb4 8. Rc1 0-0 9. Be2 dxc4 10. Bxc4 Qa5 11. Bxf6 gxf6 12. 0-0 Rd8 13. Re1 Ne7 14. Qb3 b5 15. Bxb5 Bb7 16. a3 Bxc3 17. bxc3 Bxf3 18. gxf3 Rab8 19. Rb1 a6 20. a4 Nd5 21. c4 axb5 22. cxd5 Rxd5 23. axb5 Rbxb5 24. Qe3 Rg5+ 25. Kh1 Rxb1 26. Rxb1 Qd5 27. Rg1 Kf8 28. Rg3 Ke7 29. Qa3+ Qd6 30. Qa7+ Kf8 31. Kg2 Qf4 32. Qa8+ Kg7 33. Qe4 Qd6 34. f4 Rg6 35. f5 exf5 36. Qxf5 Qxd4 37. Qf3 f5 1/2-1/2

[Event "St Petersburg-chT "]
[Site "St Petersburg"]
[Date "2003.??.??"]
[Round "3"]
[White "Kashtanov, Ruslan"]
[Black "Sokolov, Anatoly V"]
[Result "1-0"]
[WhiteElo "2389"]
[BlackElo "2142"]
[PlyCount "129"]
[EventDate "2003.??.??"]
[EventType "team-tourn"]
[EventRounds "9"]
[EventCountry "RUS"]
[SourceTitle "EXT 2005"]
[Source "ChessBase"]
[SourceDate "2004.11.15"]
[SourceVersion "1"]
[SourceVersionDate "2004.11.15"]
[SourceQuality "1"]

1. e4 c5 2. Nc3 Nc6 3. Nge2 d6 4. d4 cxd4 5. Nxd4 e5 6. Nf5 Bxf5 7. exf5 Nf6 8. Bc4 Be7 9. g4 h6 10. Be3 a6 11. Nd5 Nxd5 12. Bxd5 Bg5 13. Qf3 Rc8 14. c3 Bxe3 15. fxe3 Qb6 16. f6 gxf6 17. 0-0-0 Ne7 18. e4 Rg8 19. Bb3 Rg6 20. h4 Ng8 21. Rd3 Rd8 22. Qf5 Qc7 23. Rg3 b5 24. Kb1 Qd7 25. Qf3 a5 26. a3 Rb8 27. Rhg1 b4 28. cxb4 axb4 29. a4 Ra8 30. Rc1 Rc8 31. Rd1 Qc6 32. g5 hxg5 33. hxg5 Ke7 34. gxf6+ Rxf6 35. Qd3 Rf4 36. Re1 Nf6 37. Rg7 Rf8 38. Qd2 Nxe4 39. Qxb4 Kf6 40. Rh7 Qc5 41. Qb7 Nd2+ 42. Ka2 Nxb3 43. Rh6+ Kg5 44. Qe7+ Kxh6 45. Qxf8+ Kg6 46. Rg1+ Kf6 47. Qd8+ Ke6 48. Qe8+ Kd5 49. Qa8+ Qc6 50. Qxc6+ Kxc6 51. Kxb3 f5 52. Rc1+ Kd5 53. a5 Rh4 54. a6 Rh8 55. Ka4 e4 56. b4 e3 57. b5 f4 58. b6 e2 59. b7 f3 60. a7 f2 61. a8Q Rh5 62. Kb3 Kd4 63. b8Q f1Q 64. Qxd6+ Ke3 65. Qa7+ 1-0

[Event "St Petersburg-chT "]
[Site "St Petersburg"]
[Date "2003.??.??"]
[Round "2"]
[White "Sokolov, Anatoly V"]
[Black "Melnikov, Dmitry"]
[Result "0-1"]
[WhiteElo "2142"]
[BlackElo "2302"]
[PlyCount "130"]
[EventDate "2003.??.??"]
[EventType "team-tourn"]
[EventRounds "9"]
[EventCountry "RUS"]
[SourceTitle "EXT 2005"]
[Source "ChessBase"]
[SourceDate "2004.11.15"]
[SourceVersion "1"]
[SourceVersionDate "2004.11.15"]
[SourceQuality "1"]

1. d4 Nf6 2. Bg5 g6 3. Bxf6 exf6 4. e3 b6 5. Be2 Bb7 6. Bf3 Bxf3 7. Qxf3 Nc6 8. Ne2 f5 9. c3 Bg7 10. Nd2 0-0 11. g4 fxg4 12. Qxg4 d5 13. Rg1 Ne7 14. Nf4 c5 15. Nf3 Qc8 16. 0-0-0 Qxg4 17. Rxg4 Rfd8 18. h4 Rac8 19. h5 c4 20. hxg6 hxg6 21. Rdg1 b5 22. a3 a5 23. Kc2 Rb8 24. Ra1 Rb7 25. Ne5 Rdb8 26. Rgg1 b4 27. axb4 axb4 28. cxb4 Rxb4 29. Ra2 R4b7 30. Ne2 Bxe5 31. dxe5 Nc6 32. Rga1 Nb4+ 33. Kc3 Nxa2+ 34. Rxa2 Rb3+ 35. Kc2 Re8 36. Nd4 Rb6 37. f4 Reb8 38. Kc3 Kh7 39. Ra5 Rxb2 40. Rxd5 Ra2 41. Rd7 Kg8 42. Kxc4 Rc8+ 43. Kd5 Ra5+ 44. Ke4 Rc3 45. f5 Raa3 46. fxg6 fxg6 47. Kf4 Rxe3 48. e6 Re1 49. Kg5 Rg3+ 50. Kf4 Rg2 51. Kf3 Rgg1 52. Kf4 Kf8 53. Rf7+ Ke8 54. Rg7 Kf8 55. Rf7+ Kg8 56. Rd7 Rg2 57. Kf3 Ra2 58. Kf4 Ra5 59. Rd6 Rae5 60. Rd7 R1e4+ 61. Kf3 Kf8 62. Rd8+ Kg7 63. Rd7+ Kf6 64. Rf7+ Kg5 65. Rd7 Re3+ 0-1